Biblioteca y Centro de Documentación

INEbase agosto '11 (Registro nro. 24025)

Detalles MARC
000 -CABECERA
Longitud fija campo de control 02645nam a2200469 c 4500
001 - NÚMERO DE CONTROL
Número de control 24025
003 - IDENTIFICADOR DE NÚMERO DE CONTROL
Identificador del número de control ES-MaCES
005 - FECHA Y HORA DE LA ÚLTIMA TRANSACCIÓN
Fecha y hora de la última transacción 20150925133421.0
008 - CAMPO FIJO DE DESCRIPCIÓN FIJA--INFORMACIÓN GENERAL
Códigos de información de longitud fija   111017s2011 sp d rs o000 | spa d
017 ## - NÚMERO DE REGISTRO DE DERECHOS DE AUTOR Y DEPÓSITO LEGAL
Número de copyright o de depósito legal M 3722-2004
Agencia que asigna el número DL
024 7# - OTROS IDENTIFICADORES
Número normalizado o código 605-11-001-8
Fuente del número o código nipo
035 ## - NÚMERO DE CONTROL DEL SISTEMA
Número de control del sistema CES20110007816m
040 ## - FUENTE DE CATALOGACIÓN
Centro catalogador de origen ES-MaCES
Lengua de catalogación spa
Centro transcriptor ES-MaCES
245 00 - MENCIÓN DE TÍTULO
Título INEbase agosto '11
Medio Recurso electrónico
Resto del título : Boletín mensual de estadística (BME), agosto 2011 ; Indicadores coyunturales : Índice de precios de consumo (IPC) base 2006, Índice de precios de consumo armonizado (IPCA) base 2005, Índice de precios industriales base 2005 CNAE-2009 (IPRI), Índice de producción industrial base 2005 CNAE-2009 (IPI), Índices de comercio al por menor base 2005 CNAE-2009 (ICM) ; Directorio central de empresas (DIRCE) 2011 ; Contabilidad Nacional Trimestral de España, base 2000, 2º trim. 2011 ; Encuesta anual de coste laboral, serie 2008-2010 ; Encuesta del gasto de las empresas en protección ambiental 2009 ; Cuentas ambientales, sector de bienes y servicios medioambientales 2008 ; Cuentas ambientales, cuentas de flujos de materiales, serie 1995-2008 (base 2010)
Mención de responsabilidad, etc. Instituto Nacional de Estadística
260 ## - PUBLICACIÓN, DISTRIBUCIÓN, ETC (PIE DE IMPRENTA)
Lugar de publicación, distribución, etc. Madrid
Nombre del editor, distribuidor, etc. INE
Fecha de publicación, distribución, etc. [2011]
300 ## - DESCRIPCIÓN FÍSICA
Extensión 1 CD-ROM
Dimensiones 12 cm
500 ## - NOTA GENERAL
Nota general Tít. tomado de la etiqueta del CD-ROM
500 ## - NOTA GENERAL
Nota general Publ. seriada mensual (ISSN 1697-3259), que concentra en un único soporte el Boletín mensual de estadística (BME) y todas las publ. electrónicas, tanto monografías como publ. periódicas, que se publican a lo largo del mes. A su vez, toda la información se mantiene y consolida en la base de datos INEbase, de acceso gratuito en internet
500 ## - NOTA GENERAL
Nota general Características del sistema: sistema operativo windows 95/98
541 ## - NOTA DE LA FUENTE INMEDIANTE DE ADQUISICIÓN
Forma de adquisición Gratuito
650 #4 - ASIENTO SECUNDARIO DE MATERIA--TÉRMINO DE MATERIA
Término de materia o nombre geográfico como elemento inicial fijación del precio
9 (RLIN) 28285
650 #4 - ASIENTO SECUNDARIO DE MATERIA--TÉRMINO DE MATERIA
Término de materia o nombre geográfico como elemento inicial precio al consumidor
9 (RLIN) 27914
650 #4 - ASIENTO SECUNDARIO DE MATERIA--TÉRMINO DE MATERIA
Término de materia o nombre geográfico como elemento inicial producción industrial
9 (RLIN) 27653
650 #4 - ASIENTO SECUNDARIO DE MATERIA--TÉRMINO DE MATERIA
Término de materia o nombre geográfico como elemento inicial comercio minorista
9 (RLIN) 27952
650 #4 - ASIENTO SECUNDARIO DE MATERIA--TÉRMINO DE MATERIA
Término de materia o nombre geográfico como elemento inicial contabilidad nacional
9 (RLIN) 27088
650 #4 - ASIENTO SECUNDARIO DE MATERIA--TÉRMINO DE MATERIA
Término de materia o nombre geográfico como elemento inicial coste de la mano de obra
9 (RLIN) 28283
650 #4 - ASIENTO SECUNDARIO DE MATERIA--TÉRMINO DE MATERIA
Término de materia o nombre geográfico como elemento inicial protección ambiental
9 (RLIN) 29423
650 #4 - ASIENTO SECUNDARIO DE MATERIA--TÉRMINO DE MATERIA
Término de materia o nombre geográfico como elemento inicial distribución del gasto
9 (RLIN) 30938
650 #4 - ASIENTO SECUNDARIO DE MATERIA--TÉRMINO DE MATERIA
Término de materia o nombre geográfico como elemento inicial España
9 (RLIN) 26964
650 #4 - ASIENTO SECUNDARIO DE MATERIA--TÉRMINO DE MATERIA
Término de materia o nombre geográfico como elemento inicial 2011
9 (RLIN) 31999
650 #4 - ASIENTO SECUNDARIO DE MATERIA--TÉRMINO DE MATERIA
Término de materia o nombre geográfico como elemento inicial encuesta
9 (RLIN) 28856
650 #4 - ASIENTO SECUNDARIO DE MATERIA--TÉRMINO DE MATERIA
Término de materia o nombre geográfico como elemento inicial datos estadísticos
9 (RLIN) 30765
650 #4 - ASIENTO SECUNDARIO DE MATERIA--TÉRMINO DE MATERIA
Término de materia o nombre geográfico como elemento inicial CD ROM
9 (RLIN) 30331
653 10 - TÉRMINO DE INDEXACIÓN--NO CONTROLADO
Término no controlado Estadísticas
650 #4 - ASIENTO SECUNDARIO DE MATERIA--TÉRMINO DE MATERIA
9 (RLIN) 28178
Término de materia o nombre geográfico como elemento inicial empresa
710 2# - ENCABEZAMIENTO SECUNDARIO--NOMBRE CORPORATIVO
Nombre de entidad o nombre de jurisdicción como elemento inicial Instituto Nacional de Estadística (España)
9 (RLIN) 4273
775 0# - ENTRADA DE OTRA EDICIÓN
Título INEbase septiembre '11
Número de control del registro relacionado (ES-MaCES)24185
787 0# - ENTRADA DE OTRAS ESPECIFICACIONES
Título INEbase julio '11
Número de control del registro relacionado (ES-MaCES)24024
902 ## - CES. TIPO DE DOCUMENTO
Tipodoc (006$c Sirtex) ELE PUB. ELECTRONICA
942 ## - ELEMENTOS KOHA
Fuente de clasificaión o esquema Clasificación propia del CES
Koha [por defecto] tipo de item Monografías
Parte de clasificación 8.0.
Existencias
Número de registro Signatura completa Tipo de item de Koha
080184 SR-CD-1030 Monografías
© CES, Consejo Económico y Social de España 2021